Medición y evaluación: en educación, psicología y "guidance" /
| প্রধান লেখক: | |
|---|---|
| বিন্যাস: | গ্রন্থ |
| ভাষা: | স্প্যানিশ |
| প্রকাশিত: |
Barcelona:
Editorial Herder,
1970
|
| বিষয়গুলি: |
MARC
| LEADER | 00000nam a2200000Ia 4500 | ||
|---|---|---|---|
| 008 | 171207b1970 sp ||||| |||| 00| | spa d | ||
| 999 | |c 1477 |d 1477 | ||
| 090 | |a 06.02.01 |b 1867 | ||
| 100 | 1 | |a Sachs Adams, Georgia |9 3298 | |
| 245 | 1 | 0 | |a Medición y evaluación: en educación, psicología y "guidance" / |c Georgia Sachs Adams |
| 260 | |a Barcelona: |b Editorial Herder, |c 1970 | ||
| 300 | |a 819 páginas | ||
| 650 | 1 | 4 | |a EDUCACIÓN |9 1 |
| 650 | 1 | 4 | |a EVALUACIÓN |9 287 |
| 942 | |i 002723 |h 06.02.01 1867 |2 z |c 01 | ||
